000 00389nam a2200145Ia 4500
008 191201s2005 xx 000 0 und d
082 _a621.395025
_bMIS
100 _aMICHELI, Giovanni D
245 0 _aSynthesis and Optimization of Digital Circuits
250 _a3rd
260 _aN.Delhi
_bTata McGraw Hill Pubg. Co. Ltd
_c2005
300 _a579
650 _aB.Tech(ECE)
942 _2ddc
_cBK
999 _c815
_d815